000 00436nam a2200205Ia 4500
001 11935
003 GE_BSU
008 181216s||||||||xx |||||||||||||| ||und||
020 _a1854878891
040 _cGE_BSU
080 _a821.111-32
100 _aSaylor,Steven
245 _aCatilina's Riddle
260 _aLondon
260 _bRobinson
260 _c1998.
300 _a466p;20cm.
653 _aCatilina's Riddle
942 _cBK
999 _c45112
_d45112